La mecánica de los fluidos
Kaydedildi:
| Yazar: | |
|---|---|
| Materyal Türü: | Kitap |
| Dil: | İspanyolca |
| Baskı/Yayın Bilgisi: |
Ciudad de México
McGraw-Hill
1967
|
| Konular: | |
| Etiketler: |
Etiketle
Etiket eklenmemiş, İlk siz ekleyin!
|
MARC
| LEADER | 00000nam a2200000 a 4500 | ||
|---|---|---|---|
| 001 | UCV4317 | ||
| 003 | CL-VaPUC | ||
| 008 | 910724e19670000MX |||||||||||||||||spa|d | ||
| 082 | 0 | 4 | |a 532 |b SHA |2 21 |
| 100 | 0 | |a Shames, Irving Herman |e author |9 298632 | |
| 245 | 1 | 3 | |a La mecánica de los fluidos |
| 300 | |a 592 p | ||
| 942 | |c BK | ||
| 945 | |d 19910724 00:00:00 | ||
| 260 | |a Ciudad de México |b McGraw-Hill |c 1967 | ||
| 650 | 0 | |a Mecánica de fluidos |9 259464 | |
| 650 | 0 | |a Análisis vectorial |9 260451 | |
| 583 | |a last modification |c 20150713 14:24:56 |k Rodrigo Vera | ||
| 999 | |c 211217 |d 211215 | ||
| 952 | |0 0 |1 0 |4 0 |6 532_000000000000000_SHA_1967 |7 0 |8 A |9 189695 |a BIBING |b BIBING |d 2019-11-14 |i 257358K |o 532 SHA 1967 |p 257358K |r 2025-01-20 |w 2019-11-14 |y BK |k ING | ||
| 952 | |0 0 |1 0 |4 0 |6 532_000000000000000_SHA_1967 |7 0 |8 A |9 189696 |a BIBMEC |b BIBMEC |d 2019-11-14 |i 3391442 |o 532 SHA 1967 |p 3391442 |r 2024-01-19 |w 2019-11-14 |y BK |k MEC | ||
| 952 | |0 0 |1 0 |4 0 |6 532_000000000000000_SHA_1967 |7 0 |8 A |9 189697 |a BIBMEC |b BIBMEC |d 2019-11-14 |i 3458741 |o 532 SHA 1967 |p 3458741 |r 2024-01-19 |w 2019-11-14 |y BK |k MEC | ||
| 952 | |0 0 |1 0 |4 0 |6 532_000000000000000_SHA_1967 |7 0 |8 A |9 189698 |a BIBMEC |b BIBMEC |d 2019-11-14 |i 1327313 |o 532 SHA 1967 |p 1327313 |r 2024-01-19 |w 2019-11-14 |y BK |k MEC | ||
| 952 | |0 0 |1 0 |4 0 |6 532_000000000000000_SHA_1967 |7 0 |8 A |9 189699 |a BIBMEC |b BIBMEC |d 2019-11-14 |i 1327364 |o 532 SHA 1967 |p 1327364 |r 2024-01-19 |w 2019-11-14 |y BK |k MEC | ||